Online
Catalog

Lógica formal y lógica dialéctíca. / (Record no. 34563)

MARC details
000 -CABECERA
campo de control de longitud fija 00831nam a2200241 a 4500
001 - NÚMERO DE CONTROL
campo de control 000035072
005 - FECHA Y HORA DE LA ÚLTIMA TRANSACCIÓN
campo de control 20240509200459.0
008 - DATOS DE LONGITUD FIJA--INFORMACIÓN GENERAL
campo de control de longitud fija 111024s1956 mx 000 0 spa d
040 ## - FUENTE DE LA CATALOGACIÓN
Centro catalogador/agencia de origen DO-SdBNP
Lengua de catalogación spa
Centro/agencia transcriptor BNPHU
082 ## - NÚMERO DE LA CLASIFICACIÓN DECIMAL DEWEY
Número de clasificación 160
Número de documento/Ítem L489L
049 ## - FONDOS LOCALES (OCLC)
Fondos de biblioteca BNGR
100 1# - ENTRADA PRINCIPAL--NOMBRE DE PERSONA
Nombre de persona Lefebvre, Henri
9 (RLIN) 44705
245 10 - MENCIÓN DE TÍTULO
Título Lógica formal y lógica dialéctíca. /
Mención de responsabilidad, etc. Henri Lefebvre ; nota y preliminar y traducción de Eli de Gortari.
260 ## - PUBLICACIÓN, DISTRIBUCIÓN, ETC.
Lugar de publicación, distribución, etc. México :
Nombre del editor, distribuidor, etc. Universitaria,
Fecha de publicación, distribución, etc. 1956.
300 ## - DESCRIPCIÓN FÍSICA
Extensión 103 ;
Dimensiones 18 cm.
490 1# - MENCIÓN DE SERIE
Mención de serie Filosofía y letras
Designación de volumen o secuencia 11
590 ## - NOTA LOCAL (RLIN)
Nota local Perteneció a la biblioteca personal de Juan Isidro Jimenes Grullón.
650 #0 - PUNTO DE ACCESO ADICIONAL DE MATERIA--TÉRMINO DE MATERIA
Término de materia o nombre geográfico como elemento de entrada Lógica
9 (RLIN) 332
650 #4 - PUNTO DE ACCESO ADICIONAL DE MATERIA--TÉRMINO DE MATERIA
Término de materia o nombre geográfico como elemento de entrada Dialéctica
9 (RLIN) 60724
700 12 - PUNTO DE ACCESO ADICIONAL--NOMBRE DE PERSONA
Nombre de persona Gortari, Eli de,,
Fechas asociadas al nombre 1918-1991
Término indicativo de función/relación tr.
9 (RLIN) 60725
830 #0 - PUNTO DE ACCESO ADICIONAL DE SERIE-TÍTULO UNIFORME
Título uniforme Filosofía y letras
Designación de volumen o secuencia 11
9 (RLIN) 60726
910 ## - DATOS DE OPCIÓN DEL USUARIO (OCLC)
Datos de opción del usuario Validado. Control de calidad MFF
Holdings
Estado de retiro Estado de pérdida Restricciones de uso No para préstamo Código de colección Localización permanente Ubicación/localización actual Ubicación en estantería Fecha de adquisición Número de inventario Total de préstamos Signatura topográfica completa Código de barras Fecha visto por última vez Precio válido a partir de Tipo de ítem Koha Nota pública
    Préstamo interno   Monografías: Libros y Folletos General General Depósito 24.10.2011 LF1   160 L489L 35072-10 25.06.2020 25.06.2020 Préstamo interno Perteneció a la biblioteca personal de Juan Isidro Jimenes -Grullón

Powered by Koha